| 000 | 00664cab a2200253 4500 | ||
|---|---|---|---|
| 001 | ABS46315 | ||
| 008 | 090401t1992 xxu||||| |||| 00| 0 eng d | ||
| 035 | _a(Sirsi) u57750 | ||
| 041 | _aeng | ||
| 100 | _aBrearley, G. | ||
| 245 | _aIs the alteration approved? | ||
| 260 | _c1992 | ||
| 350 | _a0 | ||
| 490 |
_aTaxation _v129(3350) 23 April 1992, 83-84(2) |
||
| 520 | _aSets out criteria for the zero-rating of work on protected buildings. | ||
| 650 | _aALTERATIONS | ||
| 650 | _aLISTED BUILDINGS | ||
| 650 |
_aRESIDENTIAL PROPERTY _96266 |
||
| 650 | _aVALUE ADDED TAX | ||
| 690 | _aCON | ||
| 690 | _aTAXATION | ||
| 942 | _n0 | ||
| 948 | _c04/03/1997 | ||
| 999 |
_c35248 _d35248 |
||